000 00629cam a22002413a 4500
001 12915
003 PGUSA
005 20140828083259.0
008 040716s2004||||xxu|||||s|||||000 | eng d
040 _aPGUSA
_beng
042 _adc
050 4 _aPR
100 1 _aWebster, John
245 1 4 _aThe White Devil
_h[electronic resource] /
_cJohn Webster
260 _bProject Gutenberg,
_c2004
506 _aPublic domain in the USA.
516 _aElectronic text
653 _aRevenge -- Drama
653 _aTragedies
830 0 _aProject Gutenberg
_v12915
856 4 0 _uhttp://www.gutenberg.org/ebooks/12915
942 _cEB
999 _c242170
_d242170